| Tag |
First Indicator |
Second Indicator |
Subfields |
| LEADER |
00000cam a2200000 4500 |
| 001 |
in00000044676 |
| 005 |
20151007075055.0 |
| 008 |
740218s1942 enkaf 00010 eng u |
| 010 |
|
|
|a 43005188
|
| 035 |
|
|
|a (OCoLC)00806633
|
| 035 |
|
|
|9 AAF2593AM
|
| 040 |
|
|
|c CWR
|d TXA
|d UtOrBLW
|
| 049 |
|
|
|a TXAM
|c [122688]
|a TXAS [keur]
|
| 050 |
0 |
0 |
|a QL690.G7
|b F55
|
| 090 |
|
|
|a QL690.G7
|b F55 1942
|
| 092 |
|
|
|a 598.2942
|b F534b
|
| 100 |
1 |
|
|a Fisher, James,
|d 1912-1970.
|
| 245 |
1 |
4 |
|a The birds of Britain /
|c [by] James Fisher. With 12 plates in colour and 26 illustrations in black & white.
|
| 264 |
|
1 |
|a London :
|b W. Collins,
|c 1942.
|
| 300 |
|
|
|a 47 pages, 1 unnumbered page :
|b illustrations, color plates. ;
|c 23 cm.
|
| 336 |
|
|
|a text
|b txt
|2 rdacontent
|
| 337 |
|
|
|a unmediated
|b n
|2 rdamedia
|
| 338 |
|
|
|a volume
|b nc
|2 rdacarrier
|
| 490 |
1 |
|
|a Britain in pictures
|
| 490 |
1 |
|
|a The British people in pictures
|
| 650 |
|
0 |
|a Birds
|z Great Britain.
|
| 830 |
|
0 |
|a Britain in pictures.
|
| 830 |
|
0 |
|a British people in pictures (London, England)
|
| 999 |
|
|
|a MARS
|
| 999 |
f |
f |
|s 4a0df5a6-edca-36b7-8612-1753b84cf4d7
|i b103b89a-7596-38a9-af3b-86abf316626a
|t 0
|
| 952 |
f |
f |
|p ric
|a Texas A&M University
|b Rellis Campus
|c Joint Library Facility
|d Remote Storage
|t 0
|e QL690.G7 F55 1942
|h Library of Congress classification
|i unmediated -- volume
|m A14801023024
|
| 952 |
f |
f |
|p noncirc
|a Texas A&M University
|b College Station
|c Cushing Memorial Library & Archives
|d Cushing: Kincaid/Europe (Remote Storage: 2-3 day retrieval)
|t 0
|e QL690.G7 F55 1942
|h Library of Congress classification
|i unmediated -- volume
|
| 998 |
f |
f |
|a QL690.G7 F55 1942
|t 0
|l Cushing: Kincaid/Europe (Remote Storage: 2-3 day retrieval)
|
| 998 |
f |
f |
|a QL690.G7 F55 1942
|t 0
|l Remote Storage
|